Mom, take time. (Record no. 14718)

000 -LEADER
fixed length control field 00591nam a2200205 a 4500
001 - CONTROL NUMBER
control field :::00012552$&:&@@
003 - CONTROL NUMBER IDENTIFIER
control field OkBaRHE
005 - DATE AND TIME OF LATEST TRANSACTION
control field 20000607103420.0
008 - FIXED-LENGTH DATA ELEMENTS--GENERAL INFORMATION
fixed length control field s1976 j 000 0 eng u
020 ## - INTERNATIONAL STANDARD BOOK NUMBER
International Standard Book Number 0801006554
040 ## - CATALOGING SOURCE
Transcribing agency
100 1# - MAIN ENTRY--PERSONAL NAME
Personal name Baker, Pat A., 1931-
245 10 - TITLE STATEMENT
Title Mom, take time.
260 ## - PUBLICATION, DISTRIBUTION, ETC. (IMPRINT)
Place of publication, distribution, etc Grand Rapids, MI., :
Name of publisher, distributor, etc Baker Book House
Date of publication, distribution, etc c1976
300 ## - PHYSICAL DESCRIPTION
Extent 114 p. ;
Dimensions 24 cm.
650 ## - SUBJECT ADDED ENTRY--TOPICAL TERM
Topical term or geographic name as entry element Child Rearing
650 ## - SUBJECT ADDED ENTRY--TOPICAL TERM
Topical term or geographic name as entry element Parent and Child
942 ## - ADDED ENTRY ELEMENTS (KOHA)
Source of classification or shelving scheme
Koha item type Books
Copies
Withdrawn status Shelving location Lost status Barcode Permanent Location Copy number Date last seen Price effective from Date acquired Full call number Koha item type Not for loan Damaged status Source of classification or shelving scheme
 General Stacks 12552RHEMA Bible Training College12010-04-142010-04-142010-04-14HQ 769 .B3115Books